000 00526nam a22001817a 4500
008 131008b xxu||||| |||| 00| 0 alb d
020 _a9951070949
041 0 _aalb
080 _a006
100 _aZeneli, Isuf
245 1 0 _aBazat e standardizimit dhe vlerësimit në arsim
_cIsuf Zeneli
250 _aBotim i tretë
260 _aPrishtinë :
_bLibri shkollor ;
_c2003
300 _a183 f. :
_c20 cm.
505 _aLiteratura : f 175-176
650 0 _aArsimi
_vManualet, doracakët etj
_xStandardet
_zKosovë
942 _2udc
_cBK
999 _c53
_d53